El triángulo de las Bermudas / (Registro nro. 8862)
[ vista simple ]
| 000 -LIDER | |
|---|---|
| fixed length control field | 00880nam a2200289 4500 |
| 001 - NÚMERO DE CONTROL | |
| Identificador de número de control | 84475 |
| 003 - IDENTIFICACDOR DE NÚMERO DE CONTROL | |
| control field | DO-SdBNP |
| 005 - DATE AND TIME OF LATEST TRANSACTION | |
| control field | 20180222102234.0 |
| 007 - CAMPOS FIJOS DE DESCRIPCIÓN FÍSICA | |
| fixed length control field | 84475 |
| 008 - ELEMENTOS DE LONGITUD FIJA | |
| fixed length control field | 901015s 1988 sp a spa |
| 016 7# - NO. DE CONTROL DE LA AGENCIA BIB. NACIONAL | |
| Source | BPMSU |
| 020 ## - ISBN | |
| International Standard Book Number | 8477222711 |
| 040 ## - FUENTE DE CATALOGACIÓN | |
| Agencia que crea de manera original el registro | BPMSU |
| Idioma de catalogación | spa |
| Agencia que realiza la transcripción | BPMSU |
| 082 #4 - NÚMERO DE CLASIFICACIÓN DECIMAL DE DEWEY | |
| Classification number | xxx |
| Item number | xxx |
| 100 1# - ASIENTO PRINCIPAL -- NOMBRE PERSONAL | |
| Nombre personal | Goodman, Deborah Lerme |
| 240 10 - TITULO UNIFORME | |
| Título uniforme | Vanished! |
| Idioma de una obra | Español |
| 245 13 - MENCIÓN DE TITULO | |
| Título | El triángulo de las Bermudas / |
| Mención de responsabilidad | Deborah Lerme Goodman ; ilustraciones Frank Bolle ; traducción Isabel Alonso |
| 260 1# - PUBLICACIÓN, DISTRIBUCIÓN, ETC. (PIE DE IMPRENTA) | |
| Lugar de publicación, distribución, etc | Barcelona : |
| Nombre del editor, distribuidor, etc. | Timun Mas, |
| Fecha de publicación, distribución, etc | 1988. |
| 300 ## - DESCRIPCIÓN FÍSICA | |
| Extensión | 116 p.; |
| Otros detalles físicos | il.: |
| Dimensiones | 18 cm, |
| 490 1# - MENCIÓN DE SERIES | |
| Mención de serie | Elige tu propia aventura |
| Volume/sequential designation | 49 |
| 700 1# - ASIENTO SECUNDARIO -- NOMBRE PERSONAL | |
| Nombre personal | Bolle, Frank |
| Término de relación | ilustración |
| 700 1# - ASIENTO SECUNDARIO -- NOMBRE PERSONAL | |
| Nombre personal | Alonso, Isabel |
| Mención de responsabilidad | traductor |
| 830 #0 - ASIENTO SECUNDARIO DE SERIE--TÍTULO UNIFORME | |
| Título uniforme | Elige tu propia aventura |
| Volume number/sequential designation | 49 |
| 942 ## - ADDED ENTRY ELEMENTS (KOHA) | |
| Source of classification or shelving scheme | Dewey Decimal Classification |
| Koha item type | Libros |
| 945 ## - INFORMACIÓN DE PROCESAMIENTO LOCAL | |
| Información de procesamiento local | Inventariado, 2018/ YL |
| 956 ## - LOCAL ELECTRONIC LOCATION AND ACCESS (OCLC) | |
| Nombre de host | VMATEO |
| Método de acceso | 10 |
| Materiales especificados | 20151123 |
| Enlace | BPMSU |
| Campo enlazado y núm. de secuencia | 00151 |
| Withdrawn status | Lost status | Source of classification or shelving scheme | Damaged status | Not for loan | Collection code | Home library | Current library | Date acquired | Source of acquisition | Total Checkouts | Full call number | Barcode | Date last seen | Price effective from | Koha item type |
|---|---|---|---|---|---|---|---|---|---|---|---|---|---|---|---|
| Dewey Decimal Classification | Colección Infantil General | Biblioteca Pública Metropolitana Salomé Ureña | Biblioteca Pública Metropolitana Salomé Ureña | 11/23/2015 | FUNDI | xxx xxx | BPMSU15110434 | 11/23/2015 | 11/23/2015 | Libros |